000 00457nam a2200181Ia 4500
001 15292
005 20260306170145.0
008 260306t1995||||xx |||||||||||||| ||und||
041 _aESP
082 _a531.12
_bB133 1995
100 _aBeer, Ferdinand P.
_eAUT
245 0 _aMecánica vectorial para ingenieros:
_bestática
260 _c1995
300 _axviii, 472 páginas :
_c23 cm.
650 _aGEN
654 _aCCN
942 _cLIB
_dJUS
_fJUS
_2ddc
_n
999 _c15292
_d15292